Marvel, DC, or none II? Quiz Stats

 Plays Quiz not verified by Sporcle

Challenge
Share
Tweet
Embed
Score 0/30 Timer 05:00
0 Plays Today
Character Theme % Correct
Calypso???
90%
Animal Man???
83.5%
Hush???
82.1%
Iolande???
79.7%
Mr. Krabs???
79.1%
Sandy Hawkins???
79.1%
Kang???
79.1%
Agatha Harkness???
78.8%
Surtur???
78.5%
Jackal???
78.2%
Power Girl???
76.2%
Tetsuya???
74.7%
M???
74.4%
Atrocitus???
74.4%
Black Tom Cassidy???
73.8%
Character Theme % Correct
Hussar???
73.2%
Rescue???
72.9%
Carlyle???
72.9%
Doctor Animo???
72.1%
Power Man???
70.6%
Talia???
70%
Chthon???
69.7%
American Dream???
66.8%
Slippy Toad???
64.7%
Gatlocke???
63.8%
Shantae???
60.6%
Anole???
60%
Superman???
59.7%
Danger???
59.1%
Gumball Waterson???
57.4%

You're not logged in!

Compare scores with friends on all Sporcle quizzes.
OR
Log In

You Might Also Like...

Show Comments

Extras

Top Quizzes Today


Score Distribution

Your Account Isn't Verified!

In order to create a playlist on Sporcle, you need to verify the email address you used during registration. Go to your Sporcle Settings to finish the process.

Report this User

Report this user for behavior that violates our Community Guidelines.

Details: